000 00242nam a2200109Ia 4500
008 240625s9999 xx 000 0 und d
041 _aeng
082 _a420 DEL
100 _aDELLAR HUGH
245 _aINNOVATIONS INTERMEDIATE
260 _c2004
999 _c34165
_d34165